Resumen de una discusión acerca de los hijos ilegítimos ante la sociedad y el derecho / (Record no. 49343)

MARC details
000 -LEADER
campo de control de longitud fija 00855nam a2200205 i 4500
001 - NÚMERO DE CONTROL
campo de control 49343
003 - IDENTIFICADOR DE NÚMERO DE CONTROL
campo de control ES-MaACL
005 - FECHA Y HORA DE LA ÚLTIMA TRANSACCIÓN
campo de control 20260127062528.0
007 - CAMPO FIJO DE DESCRIPCIÓN FÍSICA--INFORMACIÓN GENERAL
campo de control de longitud fija t|
008 - DATOS DE LONGITUD FIJA--INFORMACIÓN GENERAL
campo de control de longitud fija 030714s1917 sp ||||1| spa d
100 0# - ENTRADA PRINCIPAL--NOMBRE DE PERSONA
Nombre de persona Cortezo y Collantes, Alfonso.
9 (RLIN) 40924
245 10 - MENCIÓN DEL TÍTULO
Título Resumen de una discusión acerca de los hijos ilegítimos ante la sociedad y el derecho /
Mención de responsabilidad, etc. discurso de Alfonso Cortezo Collantes y Diego María Brehet pronunciados en la sesión pública de 10 de mayo de 1917.
260 ## - PUBLICACIÓN, DISTRIBUCIÓN, ETC.
Lugar de publicación, distribución, etc. Madrid :
Nombre del editor, distribuidor, etc. [s.n.],
Fecha de publicación, distribución, etc. 1917 (
Fabricante Establecimiento Tipográfico)
300 ## - DESCRIPCIÓN FÍSICA
Extensión 49 p. ;
Dimensiones 22 cm.
500 ## - NOTA GENERAL
Nota general Precede al tít.: Real Academia de Jurisprudenica y Legislación.
700 1# - ENTRADA AGREGADA--NOMBRE PERSONAL
Nombre de persona María Brehuet, Diego.
9 (RLIN) 76658
700 ## - ENTRADA AGREGADA--NOMBRE PERSONAL
Nombre de persona Real Academia de Jurisprudencia y Legislación de España
9 (RLIN) 217612
852 ## - LOCALIZACIÓN
Ubicación ES-MaACL
Número de control de estantería 1863-F-8
Holdings
Estatus retirado Estado de pérdida Estado de daño No para préstamo Colección Biblioteca de origen Biblioteca actual Ubicación en estantería Fecha de adquisición Fuente de adquisición Total de préstamos Signatura topográfica completa Código de barras Visto por última vez Precio de reemplazo Tipo de ítem Koha
        Colección de folletos Biblioteca del Ateneo de Madrid Biblioteca del Ateneo de Madrid Depósito folletos 17/01/2008     1863-F-8 1051921 23/02/2023 23/02/2023 Folleto